000 00723nam a2200265Ia 4500
003 OSt
005 20221005093608.0
006 a|||||r|||| 00| 0
007 ta
008 221004b |||||||| |||| 00| 0 eng d
020 _a089950017X
024 _a33512
037 _cTextual
040 _aCRL
_cCRL
_beng
041 _2eng
_aeng
082 _a2:5, M1
100 _aDowning Mildred Harlow
_9618585
245 0 _aIntroduction to cataloging and classification with 58 exhibits
250 _a5th
260 _aNorth
_bCarolina McFarland & Company
_c1981
300 _a230p.
_ccm.
650 _aLIBRARY SCIENCE
942 _h2:5, M1
_cTEXL
_2cc
999 _c1000693
_d1000693